| 000 | 01097nam a22002535i 4500 | ||
|---|---|---|---|
| 999 |
_c58055 _d58055 |
||
| 001 | 20843346 | ||
| 005 | 20221107165231.0 | ||
| 008 | 190207s2019 cau 000 0 eng | ||
| 020 | _a9781526483966 (pbk. : alk. paper) X | ||
| 041 | _aeng | ||
| 080 | _a376.2 H-71 | ||
| 100 | 1 |
_aHodkinson, Alan. _911941 |
|
| 245 | 1 | 0 |
_aKey issues in special educational needs, disability and inclusion / _cAlan Hodkinson; Editor Delayna Spencer. |
| 250 | _a3rd edition. | ||
| 264 | 1 |
_aLos Angeles : _bSAGE Publications, _c2019. |
|
| 300 |
_a228 pages ; _b24 cm. |
||
| 653 | _aКлючевые вопросы особых образовательных потребностей и инклюзии | ||
| 653 | _aსპეციალური საკითხები საგანმანათლებლო საჭიროებებსა და ჩართულობაში | ||
| 653 | _aგანათლება | ||
| 653 | _aპედაგოგიკა | ||
| 700 |
_aSpencer, Delayna _eრედაქტორი _911942 |
||
| 942 |
_2udc _cBK |
||
| 955 | _apc17 2019-02-07 | ||